| 000 | 00547nam a2200169Ia 4500 | ||
|---|---|---|---|
| 008 | 090711s9999 xx 000 0 und d | ||
| 082 | _b34854 | ||
| 100 | _aदारव्हेकर पु. व्यं. | ||
| 245 | _aजावई शोध | ||
| 260 |
_bशिरिष प्रकाशन _c1969 |
||
| 300 | _a48 | ||
| 600 | _aदारव्हेकर पु. व्यं. | ||
| 630 | _aजावई शोध | ||
| 700 | _aदारव्हेकर पु. व्यं. | ||
| 730 | _aजावई शोध | ||
| 942 | _cBOOK | ||
| 999 |
_c329775 _d329775 |
||